[Event "LXIII MEX-ch Open Leon 2017"]
[Site "Leon"]
[Date "2017.04.13"]
[Round "4"]
[White "Gonzalez Vidal, Yuri"]
[Black "Blanco Fernandez, Alvaro"]
[Result "1/2-1/2"]
[WhiteElo "2534"]
[BlackElo "2241"]
[Annotator "TA"]
[PlyCount "106"]
[EventDate "2017.??.??"]
[EventType "swiss"]
[EventCountry "MEX"]
[SourceTitle "playchess.com"]
[Source "ChessBase"]
[SourceQuality "1"]

{[%evp 15,106,31,43,47,47,27,29,28,26,38,36,11,9,4,4,9,11,7,16,7,7,4,8,8,8,0,8,0,0,0,0,0,0,0,0,0,85,81,81,76,84,92,104,98,122,100,104,112,167,167,162,147,154,86,86,86,86,0,6,0,86,0,86,86,86,86,86,0,0,0,86,86,86,86,86,86,86,86,86,86,86,86,86,86,86,86,437,422,72,72,422,422,29987]} 1. e4 c5 2. Nf3 Nc6 3. Bb5 e5 4. O-O {B30: Sicilian: 2...Nc6 3 Bb5, lines without ...g6} Bd6 5. c3 Nge7 6. d4 cxd4 7. cxd4 exd4 8. Nxd4 a6 {LiveBook: 11 Games} 9. Be2 O-O 10. Nc3 Be5 11. Be3 d5 12. exd5 Nxd5 13. Nxc6 $146 (13. Nxd5 Nxd4 14. Bxd4 Qxd5 {½-½ (35) Bartel,M (2619)-Jobava,B (2702) Legnica 2013}) 13... bxc6 14. Nxd5 cxd5 15. Bd4 Qf6 16. Bxe5 Qxe5 17. Qd2 a5 18. Rfe1 Qf6 19. Bf3 Be6 20. Rad1 h6 21. Qd4 (21. Bxd5 Rad8 22. Qxa5 Qg5 $19) 21... Qxd4 22. Rxd4 Rab8 23. b3 $36 {[%mdl 2048] White is more active.} (23. Bxd5 Rfd8 24. Red1 (24. Rxe6 fxe6 25. Bxe6+ Kf8 26. Rxd8+ Rxd8 $17) 24... Bxd5 25. Rxd5 Rxd5 26. Rxd5 Rxb2 $17) 23... Rb4 24. Red1 Rc8 25. Kf1 Rc2 (25... Rxd4 $11 26. Rxd4 Kf8) 26. Rxb4 $16 ({But not} 26. Bxd5 $6 Bxd5 27. Rxb4 (27. Rxd5 Rxa2 28. R5d3 Ra3 $15) 27... Bxg2+ 28. Kxg2 axb4 $11) 26... axb4 27. Bxd5 {[%mdl 4096] Endgame KRB-KRB} Bf5 28. Rd4 Rxa2 29. g4 ({Of course not} 29. Rxb4 Bd3+ 30. Ke1 Re2+ 31. Kd1 Rxf2 $14) 29... Be6 30. Bxe6 fxe6 31. Rxb4 {KR-KR} Rb2 (31... Kf7 $16) 32. Rb7 $18 Kh7 33. Kg2 Kg6 34. h4 (34. Rb5 $142) 34... h5 $16 35. g5 Rb1 36. b4 ({White should play} 36. f3 $16) 36... Rb3 37. f3 Rb1 (37... e5 $1 $11 {keeps the balance.}) 38. b5 (38. Rb5 $16) 38... Rb4 (38... Rb2+ $11 {remains equal.} 39. Kg3 e5) 39. Kg3 e5 40. b6 Rb3 41. Kf2 ({Better is} 41. Re7 $16) 41... Rb4 $11 42. Kg3 (42. Kg2 $11) 42... Rb3 $16 43. Re7 {And now b7 would win.} Rxb6 44. Rxe5 Ra6 45. Kf4 Ra4+ 46. Re4 Ra6 47. Rd4 Rb6 48. Ke5 Rb5+ 49. Ke4 Rb1 50. Rd6+ Kh7 $2 {[%mdl 8192]} (50... Kf7 $16) 51. f4 $18 Re1+ 52. Kf5 {Hoping for Rd8.} Ra1 $2 {[%mdl 8192] [#]} (52... Re7 $16 {is tougher.}) 53. Ke6 $1 Re1+ {[%mdl 32768] An unexpected result.} (53... Ra8 $18 54. f5 Rf8) 1/2-1/2

[Event "LXIII MEX-ch Open Leon 2017"]
[Site "Leon"]
[Date "2017.04.13"]
[Round "4"]
[White "Obregon Rivero, Juan Carlos"]
[Black "Diaz Hernandez, Heriberto"]
[Result "1-0"]
[WhiteElo "2529"]
[BlackElo "2331"]
[Annotator "TA"]
[PlyCount "101"]
[EventDate "2017.??.??"]
[EventType "swiss"]
[EventCountry "MEX"]
[SourceTitle "playchess.com"]
[Source "ChessBase"]
[SourceQuality "1"]

{[%evp 23,101,-22,-14,-13,0,0,0,0,0,-6,0,0,0,-6,0,0,0,0,0,0,0,0,15,0,26,23,42,45,60,37,61,81,46,0,0,0,0,0,0,0,0,0,0,0,0,0,0,0,0,0,0,0,198,206,540,550,1277,801,1529,1816,29962,29963,29964,29959,29967,29968,29967,29968,29976,29970,29968,29969,29981,29982,29982,29983,29985,29984,29989,29990]} 1. e4 e5 2. Nf3 Nc6 3. Bb5 a6 4. Bxc6 dxc6 5. O-O Bg4 6. h3 h5 7. d3 Qf6 8. Be3 Bxf3 9. Qxf3 Qxf3 10. gxf3 Bd6 11. Nd2 Ne7 12. Rfb1 {C68: Ruy Lopez: Exchange Variation, sidelines} (12. Nc4 Ng6 13. Rfd1 f6 14. Kf1 c5 15. a4 a5 16. Ke2 Nf8 17. f4 exf4 18. Nxd6+ cxd6 19. Bxf4 Kd7 20. Be3 {½-½ (41) Socko,B (2600)-Piorun,K (2681) Katowice 2016}) 12... f6 {LiveBook: 3 Games} 13. b4 g5 14. a4 {The position is equal.} Ng6 15. Kf1 Kd7 16. a5 $146 (16. c3 Rag8 17. Nb3 Nf4 18. Bxf4 gxf4 19. Rd1 Rg6 {½-½ (34) Malbran,G (2345)-Ibar,M (2315) Vicente Lopez 2003}) 16... Nf4 17. Bxf4 gxf4 18. c4 {[%cal Bc2c4,Bc4c5][%mdl 32]} Rhg8 19. c5 Be7 20. d4 Ke6 21. Nb3 Rad8 22. Rd1 Rd7 23. Ra2 Rgd8 24. Ke2 Bf8 25. Rad2 Bg7 26. d5+ Ke7 27. b5 $1 {[%cal Rb5b6]} axb5 28. dxc6 {[%cal Rd2d7]} Rxd2+ $1 29. Rxd2 bxc6 30. Rxd8 Kxd8 $16 {[%mdl 4096] Endgame KB-KN} 31. a6 Kc8 32. Na5 {[#] Hoping for a7.} Kb8 33. Nxc6+ Ka8 34. Nd8 {Strongly threatening Ne6.} c6 35. Nxc6 {Black must now prevent Ne7.} Bf8 36. Nd8 Bxc5 37. Ne6 Bb6 $2 {[#]} (37... Be7 $11 {and Black stays safe.}) 38. Ng7 $18 h4 $2 (38... Ka7 39. Nxh5 Kxa6) 39. Nf5 b4 40. Nxh4 Bxf2 41. Nf5 Ka7 42. Kxf2 {KN-KP. White mates.} b3 43. Nd6 Kxa6 44. Nc4 Kb5 45. Nd2 b2 46. Ke2 Kb4 47. Kd3 f5 48. exf5 e4+ 49. fxe4 f3 50. Kc2 Ka3 51. Nxf3 1-0

[Event "LXIII MEX-ch Open Leon 2017"]
[Site "Leon"]
[Date "2017.04.13"]
[Round "4"]
[White "Hernandez Guerrero, Gilberto"]
[Black "Cordova, Emilio"]
[Result "1/2-1/2"]
[WhiteElo "2499"]
[BlackElo "2645"]
[Annotator "TA"]
[PlyCount "42"]
[EventDate "2017.??.??"]
[EventType "swiss"]
[EventCountry "MEX"]
[SourceTitle "playchess.com"]
[Source "ChessBase"]
[SourceQuality "1"]

{[%evp 25,42,22,34,9,15,0,42,31,49,48,55,44,53,0,21,0,29,0,0]} 1. e4 c6 2. d4 d5 3. Nd2 {[%cal Bb1d2,Bd2e4,Be4g3][%mdl 32]} dxe4 4. Nxe4 Bf5 5. Ng3 Bg6 6. h4 h6 7. Nf3 Nd7 8. h5 Bh7 9. Bd3 Bxd3 10. Qxd3 Ngf6 11. Bf4 e6 12. O-O-O Be7 13. Kb1 a5 14. Ne5 {B19: Classical Caro-Kann: 4...Bf5 main line} (14. Ne4 Nxe4 15. Qxe4 Nf6 16. Qe2 Qd5 17. Bc1 Nxh5 18. Ne5 Nf6 19. f3 a4 20. Rd3 Rf8 21. Bd2 Qb5 {0-1 (60) Kotronias,V (2565)-Onischuk,V (2629) Cappelle-la-Grande 2015}) 14... a4 15. a3 Ra5 $146 (15... O-O 16. Ne4 Nxe4 17. Qxe4 Nf6 18. Qe2 Qd5 19. g4 Qe4 20. Qd2 Nd5 21. Bg3 {0-1 (63) Martin Gonzalez,A (2410)-Lobron,E (2515) Rome 1983}) 16. Qf3 {White is slightly better.} Rb5 17. Rd3 Qb6 18. Nc4 Qa6 19. Ne5 Qb6 20. Nc4 Qa6 21. Ne5 Qb6 $1 1/2-1/2

[Event "LXIII MEX-ch Open Leon 2017"]
[Site "Leon"]
[Date "2017.04.13"]
[Round "4"]
[White "Cuenca Jimenez, Jose Fernando"]
[Black "Villalba Velazquez, Ander Ivan"]
[Result "1-0"]
[WhiteElo "2477"]
[BlackElo "2188"]
[Annotator "TA"]
[PlyCount "101"]
[EventDate "2017.??.??"]
[EventType "swiss"]
[EventCountry "MEX"]
[SourceTitle "playchess.com"]
[Source "ChessBase"]
[SourceQuality "1"]

{[%evp 17,101,36,26,24,30,12,52,52,72,69,65,66,60,67,70,73,74,37,37,40,43,43,53,0,51,31,75,63,51,54,120,68,65,69,104,98,106,119,374,380,375,358,359,366,371,375,371,369,377,380,369,371,375,375,366,365,517,508,554,544,537,518,527,523,523,497,510,498,492,487,664,652,775,762,715,721,1059,1059,1029,1029,1027,1020,1005,963,973,876]} 1. c4 e5 2. Nc3 Nc6 3. Nf3 Nf6 4. g3 g6 5. Bg2 Bg7 6. O-O O-O 7. d4 exd4 8. Nxd4 Nxd4 9. Qxd4 d6 10. Qd2 {A29: English Opening: Four Knights Variation with 4 g3} Rb8 11. b3 b6 $146 (11... a6 12. Bb2 b5 13. cxb5 axb5 14. Nd5 Nxd5 {½-½ (14) Drozdovskij,Y (2581)-Arutinian,D (2593) Dubai 2008}) 12. Bb2 {White is slightly better.} Bb7 13. e4 Re8 {[%cal Rf6e4]} 14. f3 a5 15. Nb5 Nd7 16. Bxg7 Kxg7 17. Qd4+ Kg8 18. Rad1 Bc6 19. Na7 Bb7 20. Nb5 Bc6 21. Nc3 b5 22. cxb5 Bxb5 23. Rf2 Qf6 (23... Bc6 $14) 24. Qd2 (24. Nd5 $16 Qxd4 25. Rxd4) 24... Bc6 $14 25. f4 $36 {[%mdl 2048] Black is under pressure.} Qe7 26. e5 Bxg2 27. Kxg2 Nc5 $2 {[%mdl 8192] [#]} (27... Rbc8 $16 {was called for.} 28. Re2 Qe6) 28. Nd5 $18 (28. exd6 Qxd6 29. Qxd6 cxd6 $16) 28... Qd8 29. Nf6+ ({Less strong is} 29. Qxa5 Ne4 $18) 29... Kg7 30. Nxe8+ Qxe8 31. exd6 ({Resist} 31. Qxa5 Qc6+ 32. Kg1 Ne4 $18) 31... Qc6+ 32. Qd5 Qxd5+ 33. Rxd5 cxd6 {[%mdl 4096] Endgame KRR-KRN} 34. Rfd2 a4 35. bxa4 ({Much less strong is} 35. Rxd6 axb3 36. Rb2 bxa2 37. Rxa2 Rb7 $18) 35... Ra8 36. Rxd6 Ne4 (36... Rxa4 $142 37. R6d5 Rc4) 37. Rd8 {White is clearly winning.} Ra5 38. R2d4 Nc3 39. Rb4 Nxa4 40. Rdd4 Nc5 41. a4 Ne6 42. Rdc4 Rd5 43. Rc2 g5 44. fxg5 Rxg5 45. Rb5 {[#] Black must now prevent Rxg5+.} Rg6 46. Rc4 Nf8 47. a5 {[%cal Ba4a5,Ba5a6][%mdl 32]} Ra6 48. Rg4+ Ng6 49. Ra4 Ne7 50. Rb6 Ra7 51. a6 1-0

[Event "LXIII MEX-ch Open Leon 2017"]
[Site "Leon"]
[Date "2017.04.13"]
[Round "4"]
[White "Otero Acosta, Diasmany"]
[Black "Cruz, Gomez Miguel Angel"]
[Result "1-0"]
[WhiteElo "2438"]
[BlackElo "2125"]
[Annotator "TA"]
[PlyCount "55"]
[EventDate "2017.??.??"]
[EventType "swiss"]
[EventCountry "MEX"]
[SourceTitle "playchess.com"]
[Source "ChessBase"]
[SourceQuality "1"]

{[%evp 9,55,54,60,24,33,19,38,40,34,35,59,59,62,55,67,56,52,48,61,29,51,45,75,80,73,60,124,21,30,29,189,195,194,201,197,161,189,176,720,708,699,695,5514,3841,5506,5422,5086,2685]} 1. d4 Nf6 2. c4 Nc6 3. Nf3 e6 4. a3 d6 5. Nc3 g6 6. Bg5 {E10: Blumenfeld Gambit} h6 7. Bh4 g5 (7... Bg7 8. e3 g5 9. Bg3 Nh5 10. Be2 Nxg3 11. hxg3 Ne7 12. g4 b6 13. Qc2 Bb7 {0-1 (53) Akobian,V (2645)-Caruana,F (2817) chess.com INT 2017}) 8. Bg3 {White is slightly better.} Nh5 9. e3 Nxg3 $146 (9... Bg7 10. Bd3 Qe7 11. Rc1 a6 12. O-O Nxg3 13. hxg3 Bd7 {1-0 (58) Brown,A (2202)-Jackson,J (2157) Sunningdale 2011}) 10. hxg3 Bg7 11. Qc2 e5 12. d5 Ne7 13. Be2 Bf5 14. Bd3 $36 {[%mdl 2048] White has the initiative.} Bd7 15. O-O-O f5 16. e4 {[%cal Re4f5]} O-O 17. exf5 Bxf5 (17... Nxf5 $14 18. Kb1 g4) 18. Ne4 (18. Bxf5 $16 Nxf5 19. g4) 18... Qd7 $11 19. Kb1 c6 $2 (19... Rab8 $11 {and Black stays safe.}) 20. dxc6 $18 bxc6 {[#]} 21. Nxd6 $1 {[%mdl 512]} Bxd3 (21... Qxd6 22. Bxf5) 22. Rxd3 Nf5 23. c5 {And now Qc4+ would win.} Ne7 $2 (23... Nxd6 24. Re1 (24. cxd6 e4 25. Qc4+ Qf7 26. Qxe4 Rab8 $16) (24. Rxd6 Qf5 $16) 24... g4) 24. Qc4+ {White is clearly winning.} Nd5 25. Rxd5 cxd5 26. Qxd5+ Kh8 27. Nxg5 {[#] Intending Qe4 and mate.} Rad8 28. Qe4 1-0

[Event "LXIII MEX-ch Open Leon 2017"]
[Site "Leon"]
[Date "2017.04.13"]
[Round "4"]
[White "Della Morte, Pablo"]
[Black "Macieja, Bartlomiej"]
[Result "1/2-1/2"]
[WhiteElo "2333"]
[BlackElo "2529"]
[Annotator "TA"]
[PlyCount "36"]
[EventDate "2017.??.??"]
[EventType "swiss"]
[EventCountry "MEX"]
[SourceTitle "playchess.com"]
[Source "ChessBase"]
[SourceQuality "1"]

{[%evp 7,36,20,19,17,16,16,27,15,30,26,32,21,27,8,32,26,25,16,31,10,11,-8,0,-6,-10,-22,-6,-26,-19,-31,-11]} 1. e4 c5 2. Nf3 d6 3. Bb5+ Nd7 4. O-O a6 5. Bd3 {B51: Sicilian: Moscow Variation (3 Bb5+) without 3...Bd7} Ngf6 6. c3 {[%cal Bc2c3,Bc3d4][%mdl 32]} (6. Re1 e6 7. c3 b5 8. Bc2 c4 9. a4 Bb7 10. d4 cxd3 11. Bxd3 bxa4 12. Qxa4 Be7 13. h3 O-O 14. Be3 Qc7 15. Nbd2 Rfb8 16. Qa5 Bd8 17. Qxc7 Bxc7 18. b4 {½-½ (18) Nakamura,H (2785)-Vachier Lagrave,M (2796) Sharjah 2017}) 6... b5 7. Bc2 {White has an edge.} Bb7 8. Re1 e6 9. d4 Be7 10. Nbd2 cxd4 11. cxd4 O-O 12. Nf1 Qc7 13. Bg5 $146 (13. Ng3 Rfc8 14. Bd3 {½-½ (35) Polsterer,H (2390)-Jonsson,D (2519) ICCF email 2013}) 13... h6 14. Bh4 Rfc8 15. Bd3 Nf8 16. Qd2 Ng6 17. Rac1 Qb6 {Strongly threatening ...Rxc1.} 18. Rxc8+ Rxc8 1/2-1/2

[Event "LXIII MEX-ch Open Leon 2017"]
[Site "Leon"]
[Date "2017.04.13"]
[Round "4"]
[White "Garcia Guerrero, Isaac Antonio"]
[Black "Gonzalez Zamora, Juan Carlos"]
[Result "0-1"]
[WhiteElo "2332"]
[BlackElo "2517"]
[Annotator "TA"]
[PlyCount "141"]
[EventDate "2017.??.??"]
[EventType "swiss"]
[EventCountry "MEX"]
[SourceTitle "playchess.com"]
[Source "ChessBase"]
[SourceQuality "1"]

{[%evp 10,141,75,15,52,45,46,41,43,48,40,33,39,22,14,19,16,7,6,2,19,8,19,23,22,15,16,18,3,10,7,0,0,0,0,0,0,0,18,0,13,0,14,0,0,-14,-8,-24,-23,-28,-27,-26,-22,-20,-18,-19,0,0,0,0,0,0,27,19,23,0,0,0,0,-7,11,0,0,0,0,0,0,-36,-36,-36,0,-36,-36,-36,-36,-36,-36,-36,-36,-57,-58,-42,-42,-77,-58,-259,-210,-324,-266,-393,-438,-445,-419,-412,-389,-354,-281,-642,-602,-773,-761,-744,-722,-773,-767,-725,-737,-529,-464,-682,-619,-492,-239,-934,-522,-6080,-5173,-2308,-573,-29972,-29971,-29968,-29970,-29991]} 1. d4 Nf6 2. Bg5 Ne4 3. Bf4 d5 4. e3 c6 5. Bd3 {A45: Trompowsky Attack} Qb6 (5... Nd6 6. Nf3 Bg4 7. Nbd2 e6 8. O-O Nd7 9. c4 dxc4 10. Nxc4 Nxc4 11. Bxc4 Nb6 12. Be2 Bxf3 13. Bxf3 {½-½ (55) Lenic,L (2646)-Kozul,Z (2632) Austria 2015}) 6. Qc1 {LiveBook: 16 Games} (6. b3 $16) 6... Qa5+ 7. Nd2 {White is slightly better.} Nxd2 8. Qxd2 Qxd2+ 9. Kxd2 Nd7 10. Nf3 g6 11. c4 dxc4 12. Bxc4 Bg7 13. Bd3 $146 O-O 14. Rac1 Nf6 15. h3 Be6 16. Bc4 Bd5 17. Bxd5 Nxd5 18. Be5 f6 19. Bg3 a5 20. Ke2 a4 21. a3 Ra5 22. Rc2 Rb5 23. Rd1 h6 24. Rdd2 g5 25. Rc4 Ra8 26. Rdc2 e6 27. Ne1 Bf8 28. Nd3 Nb6 29. R4c3 Kf7 30. f3 Nd7 31. Rc4 Be7 32. Rc1 Rba5 33. Rh1 Rg8 34. Be1 Raa8 35. Bb4 Bd8 36. Bd6 h5 37. Rcc1 h4 38. Rhf1 Ra5 39. Rc4 Re8 40. Rd1 Be7 41. Bxe7 Kxe7 42. Nc5 Nxc5 43. Rxc5 $11 {[%mdl 4096] Endgame KRR-KRR} (43. dxc5 $5 {creates asymmetry.} Rb8 44. Rd2 f5 45. e4 f4 46. Rb4) 43... Rea8 44. Rdc1 Rxc5 45. Rxc5 $15 {KR-KR} (45. dxc5 $5 {is interesting.} Ra5 46. Rc4 Rb5 47. Rb4 Kd8 48. Kd3) 45... Kd6 46. Kd3 Ra6 47. Rc4 b5 48. Rc2 Ra7 49. e4 Rd7 50. Ke3 Kc7 51. Rc1 Kb6 52. Rf1 $2 (52. Rg1 $15) 52... e5 $1 $19 53. dxe5 (53. d5 $142) 53... fxe5 54. g3 (54. Rf2 $142 c5 55. Rc2) 54... hxg3 55. Rg1 c5 $1 {[%cal Bc6c5,Bc5c4][%mdl 32]} 56. Rxg3 {[#]} c4 $1 57. Ke2 {[#]} Rd3 $1 58. Rg2 $2 (58. Rxg5 Rb3 59. Ke1 (59. Rxe5 $2 Rxb2+ 60. Ke1 Rb3 61. Re6+ Ka5 $19)) 58... Rb3 59. Kd1 {intending Kc2.} c3 ({Weaker is} 59... Rxf3 60. Rxg5 c3 61. Kc2 $15) 60. bxc3 Rxc3 61. Rxg5 Rxf3 62. Rxe5 Rxa3 63. Re8 Rxh3 64. e5 Kc6 65. e6 Rb3 66. Kc2 $2 (66. Ra8 Re3 67. Ra6+ Kd5 68. Rb6) 66... Kd6 67. Kd2 a3 {[%cal Ba4a3,Ba3a2][%mdl 32]} 68. Kc2 Rb2+ 69. Kc3 b4+ 70. Kc4 a2 71. Kd4 0-1

[Event "LXIII MEX-ch Open Leon 2017"]
[Site "Leon"]
[Date "2017.04.13"]
[Round "4"]
[White "Navarrete Garcia, Alan"]
[Black "Fernandez Cardoso, Alexey"]
[Result "0-1"]
[WhiteElo "2114"]
[BlackElo "2445"]
[Annotator "TA"]
[PlyCount "102"]
[EventDate "2017.??.??"]
[EventType "swiss"]
[EventCountry "MEX"]
[SourceTitle "playchess.com"]
[Source "ChessBase"]
[SourceQuality "1"]

{[%evp 7,102,25,43,25,43,-12,-14,-18,-11,-19,-30,-35,-31,-33,-23,-40,12,25,27,31,29,28,58,52,43,48,43,58,77,72,76,56,50,60,216,189,300,292,302,298,280,270,308,254,266,261,336,345,354,351,343,336,363,157,364,295,286,280,258,174,173,173,167,156,139,173,140,99,144,163,139,50,52,50,44,51,134,103,99,29,18,30,41,0,0,0,0,0,0,-154,-171,-198,-200,-496,-496,-493,-486]} 1. e4 c5 2. Nf3 e6 3. Nc3 a6 4. Be2 b5 {LiveBook: 19 Games. B40: Sicilian: 2...e6, Unusual lines} (4... Nc6 5. d4 cxd4 6. Nxd4 Qc7 7. O-O Nf6 8. Be3 Bb4 9. Nxc6 bxc6 10. Qd4 c5 11. Qc4 O-O 12. Na4 d6 13. a3 Bd7 14. e5 Bb5 15. Qh4 dxe5 16. axb4 Bxe2 17. Rfe1 Bb5 18. Nxc5 Nd7 19. c4 {1-0 (31) Wei,Y (2725)-Karthikeyan,M (2578) Liaocheng 2017}) 5. a3 Bb7 6. d3 (6. O-O $14) 6... Nc6 $11 {The position is equal.} 7. O-O Qc7 8. Be3 Nf6 9. Qd2 Be7 10. Bf4 $146 (10. Rad1 O-O 11. d4 b4 12. axb4 cxb4 {0-1 (28) Lombardi,D (907)-Husemann,A (1880) LSS email 2012}) 10... d6 11. b4 Nd4 (11... e5 $15 12. Bg3 Nd4) 12. bxc5 Nxe2+ 13. Nxe2 Qxc5 14. a4 d5 15. e5 Nd7 $1 16. axb5 axb5 17. Ned4 Ba6 18. Be3 {aiming for Nxe6!} Qc8 19. Ra5 O-O 20. Rfa1 (20. Nxb5 Bd8 21. Na7 Bxa5 22. Qxa5 Bb7 $15) 20... Nc5 $2 (20... Qb7 $14) 21. Nxb5 $18 Bxb5 (21... Bb7 $142 22. Rxa8 Bxa8) 22. Rxa8 Qxa8 23. Rxa8 Rxa8 24. h3 Na4 25. Nd4 Be8 26. f4 g6 27. g4 Nc5 28. f5 Nd7 29. f6 (29. fxe6 fxe6 30. Nxe6 Nxe5) 29... Bf8 30. Nc6 (30. Nf3 $18) 30... Rc8 $2 (30... Nxf6 $16 {was worth a try.} 31. Na5 (31. exf6 Bxc6 32. Qc3 Rc8 $16) 31... Nd7) 31. Ne7+ Bxe7 32. fxe7 Nxe5 33. Kf2 {Threatens to win with Bd4.} f6 34. Bd4 {Black must now prevent Qf4.} Nd7 35. Bb2 g5 36. Kg3 Kf7 37. Ba3 Ne5 38. h4 $1 {[%cal Rh4g5]} h6 39. hxg5 (39. Bd6 $16) 39... hxg5 $14 40. Qh2 {[%cal Rh2h7]} Kg7 41. Qe2 Kf7 (41... Rc6 $14) 42. Bd6 Ng6 {[#]} 43. Qh2 ({Better is} 43. c4 $1 $16) 43... Kg7 $11 44. Qf2 e5 45. Bb4 {And now Qb6 would win.} d4 46. Qd2 $36 {[%mdl 2048] White is more active.} Nf4 47. Kf2 Bd7 48. c3 $2 (48. Qd1 $11) 48... Rh8 $17 {Hoping for ...Rh2+.} (48... Bxg4 49. cxd4 Rh8 50. Qc3 $16) 49. Kg1 {[#]} Bc6 $1 {Strongly threatening ...Rh1+.} ({Inferior is} 49... Bxg4 50. cxd4 Ne2+ 51. Kf2 Nxd4 52. Qc3 $11) 50. e8=Q $2 (50. e8=N+ Kg6 51. Nd6 Rh1+ 52. Kf2) 50... Rh1+ $19 (50... Rxe8 $2 51. cxd4 Rh8 52. d5 Bxd5 53. Qe3 $19) ({Less strong is} 50... Bxe8 51. Qa2 $17 (51. cxd4 $2 Bc6 52. d5 Bxd5 $19)) 51. Kf2 Bxe8 0-1

[Event "LXIII MEX-ch Open Leon 2017"]
[Site "Leon"]
[Date "2017.04.14"]
[Round "5"]
[White "Cordova, Emilio"]
[Black "Cuenca Jimenez, Jose Fernando"]
[Result "1-0"]
[WhiteElo "2645"]
[BlackElo "2477"]
[Annotator "TA"]
[PlyCount "89"]
[EventDate "2017.??.??"]
[EventType "swiss"]
[EventCountry "MEX"]
[SourceTitle "playchess.com"]
[Source "ChessBase"]
[SourceQuality "1"]

{[%evp 19,89,0,12,0,0,0,0,0,0,0,0,-16,-20,-27,0,-28,-26,-31,-22,-36,0,-89,-77,-90,-91,-89,-25,-25,-24,-23,-19,-16,-12,-95,-17,-15,-18,-4,-5,-42,-45,-104,-106,-113,-121,-106,-94,-86,-69,-75,135,138,130,131,239,239,250,213,250,240,253,250,259,259,407,383,425,425,425,418,436,401]} 1. Nf3 Nf6 2. g3 g6 3. Bg2 Bg7 4. c4 O-O 5. Nc3 d6 6. d4 Nc6 7. O-O a6 8. h3 Bd7 9. Be3 Rb8 10. a4 {E63: King's Indian: Fianchetto: Panno Variation with 7...a6} a5 {LiveBook: 3 Games} 11. Qc1 $146 (11. Qd2 Qc8 12. Kh2 Re8 13. Bh6 Bh8 14. d5 Nb4 15. e4 c6 16. Rac1 cxd5 17. cxd5 Qc4 {1-0 (34) Cordova,E (2530)-Larrea,M (2311) Mexico City 2010}) 11... Re8 12. d5 {The position is equal.} Nb4 $1 13. Rd1 Qc8 14. Kh2 e5 15. c5 dxc5 16. Bxc5 b6 17. Be3 c6 {[%cal Rc6d5]} 18. dxc6 Bxc6 19. Rd6 Re6 20. Nb5 (20. Rxe6 $11 {remains equal.} Qxe6 21. Ng5) 20... Bxb5 $1 $17 21. Rxe6 Qxe6 22. Ng5 Qd7 (22... Qb3 $17 23. Ra3 Qc2 24. axb5 h6) 23. axb5 $11 Rc8 24. Qd1 Qxb5 25. Qb3 Rf8 26. Bf3 {[#]} (26. Ne4 $11) 26... Nfd5 (26... e4 $1 $17 {[%cal Re4f3][%mdl 512]} 27. Nxe4 (27. Bxe4 Qxe2) 27... Nxe4 28. Bxe4 Qxe2) 27. Bd2 h6 $36 {[%mdl 2048] Black has some pressure.} 28. Ne4 Rd8 29. Be1 Kh7 30. Rd1 {[#]} ({Better is} 30. g4 $15) 30... a4 $1 $17 {[%cal Ra4b3]} 31. Rxd5 Rxd5 32. Qxb4 Qxb4 33. Bxb4 {And now Nf6+! would win.} Rd8 34. Nc3 {[#]} Bf8 $2 (34... Rd2 $1 $17 {[%cal Rd2b2]} 35. Ba3 f5) 35. Bxf8 $16 Rxf8 36. Nxa4 Rb8 (36... Rd8 $16) 37. b4 $18 {[%cal Bb2b4,Bb4b5][%mdl 32]} Kg7 38. Bc6 Kf6 39. e4 Ke7 40. g4 Kd6 41. b5 Kc7 (41... f6 {keeps fighting.} 42. Kg3 Ke7) 42. Nb2 Rd8 43. Nc4 f6 44. Ne3 Rd2 45. Kg2 1-0

[Event "LXIII MEX-ch Open Leon 2017"]
[Site "Leon"]
[Date "2017.04.14"]
[Round "5"]
[White "Macieja, Bartlomiej"]
[Black "Otero Acosta, Diasmany"]
[Result "1-0"]
[WhiteElo "2529"]
[BlackElo "2438"]
[Annotator "TA"]
[PlyCount "97"]
[EventDate "2017.??.??"]
[EventType "swiss"]
[EventCountry "MEX"]
[SourceTitle "playchess.com"]
[Source "ChessBase"]
[SourceQuality "1"]

{[%evp 17,97,14,23,0,6,0,0,0,0,0,9,11,47,24,31,42,105,106,111,99,105,99,102,102,108,91,92,92,100,99,131,128,120,107,128,129,156,141,475,328,318,329,339,302,324,330,499,328,328,324,337,333,319,337,344,344,368,343,367,366,359,343,435,426,422,424,631,616,772,754,711,656,1458,1384,1558,1542,2096,2031,29969,29946,29986,29986]} 1. Nf3 d5 2. d4 Nf6 3. c4 dxc4 4. Nc3 a6 5. e4 b5 6. e5 Nd5 7. a4 e6 8. axb5 Nb6 9. Be2 Be7 {LiveBook: 10 Games. D24: Queen's Gambit Accepted: 3 Nf3 Nf6 4 Nc3} (9... Bb7 10. bxa6 Rxa6 11. Rxa6 Nxa6 12. Be3 Nb4 13. O-O Be7 14. Nd2 Qa8 15. f3 Bd5 16. Qc1 O-O 17. Nde4 {0-1 (36) Ponkratov,P (2607)-Alekseenko,K (2580) Khanty-Mansiysk 2016}) 10. Be3 Bb7 $146 (10... Bb4 11. O-O O-O 12. Ng5 h6 13. Nge4 Bxc3 14. bxc3 Bb7 15. Nc5 Bd5 16. bxa6 Qc8 17. Qd2 N6d7 18. Bxh6 gxh6 19. Qxh6 Nxc5 20. Qg5+ Kh7 21. Qh5+ Kg7 22. Qg5+ Kh7 23. Qh5+ Kg7 24. Qg5+ {½-½ (24) Brondum,E (2138)-Grabarczyk,M (2469) Ballerup 2009}) 11. bxa6 Nxa6 {[%cal Bb8a6,Ba6b4,Bb4c2][%mdl 32] The position is equal.} 12. Nd2 Nb4 {[#] White must now prevent ...Rxa1.} 13. O-O Rxa1 14. Qxa1 Nc2 15. Qa7 Nxe3 16. fxe3 Bg5 (16... Bc6 $14) 17. Nxc4 $16 ({Much weaker is} 17. Qxb7 $6 Bxe3+ 18. Kh1 Bxd2 $11) 17... Qa8 18. Qxa8+ Bxa8 19. Kf2 Nxc4 20. Bxc4 Ke7 21. Ra1 Rb8 22. b3 Bc6 23. g3 h5 24. h4 Bh6 25. Ra6 Bb7 26. Ra7 Kd7 27. Na4 $36 {[%mdl 2048] Nc5+ is the strong threat. White is on the roll.} Kc6 $2 {[%mdl 8192]} (27... Bc6 $16 28. Ra6 Bb7) 28. Be2 {[#] aiming for Bf3+.} Bc8 29. Bf3+ ({Weaker is} 29. Bxh5 Rxb3 30. Bf3+ Kb5 $16) 29... Kd7 30. Nc5+ ({But not} 30. Bxh5 Kd8 $18) 30... Kd8 31. Bxh5 f6 (31... g6 {was called for.}) 32. exf6 gxf6 33. Bf7 e5 34. dxe5 fxe5 35. Bc4 Bf5 36. Ra6 Rb6 37. Rxb6 cxb6 $18 {[%mdl 4096] Endgame KBB-KBN} 38. Na4 Kc7 39. Nc3 Kc6 40. Kf3 Bc2 41. g4 {[%cal Bg3g4,Bg4g5][%mdl 32]} Bf8 (41... Bg6 $142 42. g5 Bh5+ 43. Kg3 Bg7) 42. g5 Be7 43. Kg4 Bb4 44. Nd5 Be1 45. Nf6 Bd1+ 46. Kf5 Bc2+ 47. e4 Bxh4 48. g6 Bxf6 49. Bd5+ 1-0